header

Dry run (Record no. 183049)

MARC details
000 -LEADER
fixed length control field 01242nam a2200301Ia 4500
100 1# - MAIN ENTRY--AUTHOR NAME
Personal name Yudelson, Jerry.
245 10 - TITLE STATEMENT
Title Dry run
260 ## - PUBLICATION, DISTRIBUTION, ETC. (IMPRINT)
Place of publication Gabriola Island, BC :
Name of publisher New Society Publishers,
Year of publication c2010.
300 ## - PHYSICAL DESCRIPTION
Number of Pages xix, 283 p., [8] p. :
Other physical details ill. (some col.), maps.
650 #0 - SUBJECT ADDED ENTRY--TOPICAL TERM
Topical Term Municipal water supply.
Topical Term Water conservation projects.
Topical Term Water efficiency.
856 40 - ELECTRONIC LOCATION AND ACCESS
Uniform Resource Identifier http://site.ebrary.com/lib/rucke/Doc?id=10408026

No items available.

© 2026 Rongo University
Contact us: librarian | system librarian | Rongo university